| 000 | 00476nam a2200145Ia 4500 | ||
|---|---|---|---|
| 008 | 151213s9999 xx 000 0 und d | ||
| 100 | _aL. A. Nayarro Diokp | ||
| 245 |
_aConsumer Values & ,Markets Segmentation in Chains ; Issues & Imperative for Marketing Manager's & Exploratory Study. _cL. A. Nayarro Diokp |
||
| 260 |
_aMacca _bMacca Fourdates _c1995 |
||
| 300 | _a2842 p. | ||
| 650 | _aMarketing | ||
| 650 | _aMarketing | ||
| 700 | _aL. A. Nayarro Diokp | ||
| 999 |
_c1952 _d1952 |
||